000 00397cam a22001337a 4500
008 180718b1959 xxu||||| |||| 00| 0 eng d
082 _aDx54 Sa48
100 _aSamra, Chattar Singh
245 _aIndia and anglo-Soviet relations (1917-1947)
_cby Chattar Singh Samra
260 _aBombay
_bAsia
_c1959
300 _avii, 186p
650 _aIndia and anglo-Soviet
650 _aInternational relations
999 _c424404
_d424404